[Event "London Classic op-A U2000 5th"]
[Site "London"]
[Date "2013.12.11"]
[Round "3"]
[White "Neviazsky, Abraham"]
[Black "Joslin, Tim M"]
[Result "1-0"]
[WhiteElo "1816"]
[BlackElo "1825"]
[PlyCount "147"]
[EventDate "2013.12.09"]
[EventType "swiss"]
[EventRounds "5"]
[EventCountry "ENG"]
[SourceTitle "EXT 2016"]
[Source "ChessBase"]
[SourceDate "2015.10.08"]
[SourceVersion "1"]
[SourceVersionDate "2015.10.08"]
[SourceQuality "1"]

1. b4 e6 2. Bb2 Nf6 3. a3 b6 4. Nf3 Bb7 5. e3 Be7 6. Be2 0-0 7. 0-0 c5 8. b5 d5 9. c4 Nbd7 10. d3 Qc7 11. Nbd2 Rad8 12. Qc2 Rfe8 13. a4 e5 14. e4 d4 15. a5 Nf8 16. axb6 axb6 17. Ra7 Ng6 18. g3 Bd6 19. Rfa1 Qd7 20. Bf1 Bb8 21. R7a2 h6 22. Bg2 Nh7 23. Qd1 Rf8 24. Qf1 Ng5 25. Bc1 Qg4 26. h3 Qe6 27. Nh2 Bc8 28. h4 Nh7 29. Ndf3 Ne7 30. Kh1 f5 31. Bh3 Qg6 32. Nd2 Nf6 33. Qg2 Bb7 34. f3 Nh5 35. Ndf1 Qf7 36. Kg1 Kh8 37. Rf2 Bc8 38. Raa2 Nf6 39. Rab2 Rg8 40. g4 f4 41. Kh1 Ng6 42. Qg1 Nxh4 43. Bg2 Nh7 44. Bd2 Ng5 45. Be1 Ng6 46. Rfc2 Kh7 47. Nd2 Rh8 48. Bf2 Kg8 49. Qe1 h5 50. Bh4 Nxh4 51. Qxh4 Qg6 52. gxh5 Rxh5 53. Qf2 Kf7 54. Ndf1 Rdh8 55. Ra2 Bb7 56. Rcb2 Ke7 57. Qg1 Rh4 58. Rb1 Qh5 59. Rba1 Kf6 60. Rb1 Nxf3 61. Bxf3 Qxf3+ 62. Rg2 g5 63. Rbb2 g4 64. Rbf2 Qh3 65. Rg3 Qxg3 66. Qxg3 Ke6 67. Qg1 g3 68. Nxg3 Rg8 69. Rg2 fxg3 70. Rxg3 Rgh8 71. Rg6+ Kf7 72. Rg2 Rxe4 73. Rg7+ Kf8 74. Rxb7 1-0

[Event "London Classic op-A U2000 5th"]
[Site "London"]
[Date "2013.12.09"]
[Round "1"]
[White "Neviazsky, Abraham"]
[Black "Morton, Peter S"]
[Result "1/2-1/2"]
[WhiteElo "1816"]
[BlackElo "1984"]
[PlyCount "62"]
[EventDate "2013.12.09"]
[EventType "swiss"]
[EventRounds "5"]
[EventCountry "ENG"]
[SourceTitle "EXT 2016"]
[Source "ChessBase"]
[SourceDate "2015.10.08"]
[SourceVersion "1"]
[SourceVersionDate "2015.10.08"]
[SourceQuality "1"]

1. b4 Nf6 2. Bb2 g6 3. Nf3 Bg7 4. g3 b6 5. Bg2 Bb7 6. 0-0 0-0 7. c4 d6 8. d3 Nbd7 9. Nbd2 e5 10. a4 Re8 11. a5 bxa5 12. Rxa5 a6 13. Qa1 Rb8 14. Bc3 c6 15. Rb1 Qc7 16. Ne1 Nh5 17. b5 axb5 18. cxb5 Ra8 19. Nc4 Bf8 20. b6 Qb8 21. Ra7 d5 22. Na5 Nc5 23. Nxb7 Nxb7 24. Qb2 Bd6 25. Nc2 Nd8 26. Rxa8 Qxa8 27. Ra1 Qb8 28. Ra7 Bc5 29. Ba5 Nb7 30. Bc3 Nd8 31. Ba5 Nb7 1/2-1/2